Introductory econometrics for finance
Salvato in:
| Autore principale: | |
|---|---|
| Natura: | Libro |
| Lingua: | inglese |
| Pubblicazione: |
Cambridge
Cambridge University Press
2008
|
| Edizione: | 2nd ed. |
| Soggetti: | |
| Tags: |
Nessun Tag, puoi essere il primo ad aggiungerne!!
|
MARC
| LEADER | 00000nam$a2200000$$$4500 | ||
|---|---|---|---|
| 001 | 0075831 | ||
| 005 | 20240226124617.0 | ||
| 020 | |a 978-0-521-69468-1 | ||
| 041 | 0 | |a eng | |
| 044 | |a GB | ||
| 245 | 1 | 0 | |a Introductory econometrics for finance |c Chris Brooks |
| 250 | |a 2nd ed. | ||
| 264 | 1 | |a Cambridge |b Cambridge University Press |c 2008 | |
| 300 | |a 648 s. | ||
| 610 | 2 | 0 | |a financie |
| 610 | 2 | 0 | |a modelovanie ekonometrické |
| 610 | 2 | 0 | |a modely ekonomicko-matematické |
| 610 | 2 | 0 | |a modely regresné |
| 610 | 2 | 0 | |a modely lineárne |
| 610 | 2 | 0 | |a hypotézy |
| 610 | 2 | 0 | |a analýzy |
| 610 | 2 | 0 | |a testy |
| 610 | 2 | 0 | |a prognózy |
| 610 | 2 | 0 | |a rady časové |
| 610 | 2 | 0 | |a korelácia |
| 610 | 2 | 0 | |a metódy simulačné |
| 610 | 2 | 0 | |a výskum |
| 610 | 2 | 0 | |a matematika |
| 610 | 2 | 0 | |a štatistika |
| 100 | 1 | |a Brooks, Chris | |